| 000 | 00339nam a22001457a 4500 | ||
|---|---|---|---|
| 003 | SGT | ||
| 020 | _a978-93-83721-89-4 | ||
| 082 |
_a603 _bS15V |
||
| 100 | _aVASUNA, WARDA.PRASAD | ||
| 245 | _aTHE SABDAKALPADRUMA | ||
| 260 |
_aVARANSI _bCHAUKHAMBHA PUB _c2015 |
||
| 300 | _a315+837+782+585+555 | ||
| 650 | _aAYURVEDA | ||
| 942 |
_2ddc _cBK _01 |
||
| 999 |
_c11398 _d11398 |
||